|
|
|
|
| LEADER |
00000cam a22000002c 4500 |
| 001 |
191258090X |
| 003 |
DE-627 |
| 005 |
20250122055006.0 |
| 007 |
tu |
| 008 |
241217s2010 xx ||||| 00| ||eng c |
| 035 |
|
|
|a (DE-627)191258090X
|
| 035 |
|
|
|a (DE-599)KXP191258090X
|
| 040 |
|
|
|a DE-627
|b ger
|c DE-627
|e rda
|
| 041 |
|
|
|a eng
|
| 084 |
|
|
|a 2,1
|2 ssgn
|
| 100 |
1 |
|
|a DiPietro, Stephanie M.
|e VerfasserIn
|0 (DE-588)1204209588
|0 (DE-627)1689520043
|4 aut
|
| 109 |
|
|
|a DiPietro, Stephanie M.
|a Pietro, Stephanie Di
|a Pietro, Stephanie M. Di
|a DiPietro, Stephanie
|
| 245 |
1 |
0 |
|a Immigrant Assimiliation, Family Functioning and Delinquency: A Test of Mediating and Moderating Influences
|
| 264 |
|
1 |
|a [Erscheinungsort nicht ermittelbar]
|b University of Maryland
|c 2010
|
| 336 |
|
|
|a Text
|b txt
|2 rdacontent
|
| 337 |
|
|
|a ohne Hilfsmittel zu benutzen
|b n
|2 rdamedia
|
| 338 |
|
|
|a Band
|b nc
|2 rdacarrier
|
| 787 |
0 |
8 |
|i Forschungsdaten
|a Earls, Felton J.
|t Project on Human Development in Chicago Neighborhoods (PHDCN): Self Report of Offending, Wave 1, 1994-1997
|d [Erscheinungsort nicht ermittelbar] : [Verlag nicht ermittelbar], 2005
|w (DE-627)1840061537
|
| 787 |
0 |
8 |
|i Forschungsdaten
|a Earls, Felton J.
|t Project on Human Development in Chicago Neighborhoods (PHDCN): Child Behavior Checklist, Wave 1, 1994-1997
|d [Erscheinungsort nicht ermittelbar] : [Verlag nicht ermittelbar], 2005
|w (DE-627)1840056991
|
| 787 |
0 |
8 |
|i Forschungsdaten
|a Earls, Felton J.
|t Project on Human Development in Chicago Neighborhoods (PHDCN): Conflict Tactics for Parent and Child, Wave 1, 1994-1997
|d [Erscheinungsort nicht ermittelbar] : [Verlag nicht ermittelbar], 2005
|w (DE-627)1840056983
|
| 787 |
0 |
8 |
|i Forschungsdaten
|a Earls, Felton J.
|t Project on Human Development in Chicago Neighborhoods (PHDCN): Provision of Social Relations (Subject), Wave 1, 1994-1995
|d [Erscheinungsort nicht ermittelbar] : [Verlag nicht ermittelbar], 2005
|w (DE-627)1840061405
|
| 787 |
0 |
8 |
|i Forschungsdaten
|a Earls, Felton J.
|t Project on Human Development in Chicago Neighborhoods (PHDCN): Substance Use, Wave 2, 1997-2000
|d [Erscheinungsort nicht ermittelbar] : [Verlag nicht ermittelbar], 2006
|w (DE-627)1840059028
|
| 787 |
0 |
8 |
|i Forschungsdaten
|a Earls, Felton J.
|t Project on Human Development in Chicago Neighborhoods (PHDCN): Self Report of Offending, Wave 2, 1997-2000
|d [Erscheinungsort nicht ermittelbar] : [Verlag nicht ermittelbar], 2005
|w (DE-627)1840063424
|
| 787 |
0 |
8 |
|i Forschungsdaten
|a Earls, Felton J.
|t Project on Human Development in Chicago Neighborhoods (PHDCN): Demographic File, Wave 1, 1994-1997
|d [Erscheinungsort nicht ermittelbar] : [Verlag nicht ermittelbar], 2005
|w (DE-627)1840061545
|
| 787 |
0 |
8 |
|i Forschungsdaten
|a Earls, Felton J.
|t Project on Human Development in Chicago Neighborhoods (PHDCN): Systematic Social Observation, 1995
|d [Erscheinungsort nicht ermittelbar] : [Verlag nicht ermittelbar], 2005
|w (DE-627)1840066237
|
| 787 |
0 |
8 |
|i Forschungsdaten
|a Earls, Felton J.
|t Project on Human Development in Chicago Neighborhoods: Community Survey, 1994-1995
|d [Erscheinungsort nicht ermittelbar] : [Verlag nicht ermittelbar], 1999
|w (DE-627)1840056819
|
| 935 |
|
|
|a mkri
|
| 951 |
|
|
|a BO
|
| ELC |
|
|
|b 1
|
| LOK |
|
|
|0 000 xxxxxcx a22 zn 4500
|
| LOK |
|
|
|0 001 4637546400
|
| LOK |
|
|
|0 003 DE-627
|
| LOK |
|
|
|0 004 191258090X
|
| LOK |
|
|
|0 005 20241217044546
|
| LOK |
|
|
|0 008 241217||||||||||||||||ger|||||||
|
| LOK |
|
|
|0 035
|a (DE-2619)ICPSR107241
|
| LOK |
|
|
|0 040
|a DE-2619
|c DE-627
|d DE-2619
|
| LOK |
|
|
|0 092
|o n
|
| LOK |
|
|
|0 852
|a DE-2619
|
| LOK |
|
|
|0 852 1
|9 00
|
| LOK |
|
|
|0 935
|a nacp
|
| LOK |
|
|
|0 939
|a 17-12-24
|b l01
|
| ORI |
|
|
|a SA-MARC-krimdoka001.raw
|